000 00670nam a2200193Ia 4500
008 140527s9999 xx 000 0 und d
020 _a9781118305133
050 _aPN 4784.F37
_b.Su86 2013
100 _aSumner, David E.
245 _aFeature & magazine writing :
_baction, angle and anecdotes /
_cDavid E. Sumner, Holly G. Miller
250 _a3rd ed.
260 _aChichester, West Sussex, UK :
_bWiley-Blackwell, A John Wiley & Sons, Ltd., Publication,
_cc2013.
300 _a329 p. ;
_c23 cm.
500 _aIncludes bibliographical references, glossary and index.
521 _aMC
650 _aCommunication Studies.
942 _kFOR
_cBK
999 _c117452
_d117452